[Event "Tashkent FIDE GP 2nd"]
[Site "Tashkent"]
[Date "2012.11.30"]
[Round "8"]
[White "Caruana, Fabiano"]
[Black "Karjakin, Sergey"]
[Result "1/2-1/2"]
[WhiteElo "2786"]
[BlackElo "2775"]
[Annotator "Sumets,A"]
[PlyCount "71"]
[EventDate "2012.11.22"]
[EventType "tourn"]
[EventRounds "11"]
[EventCountry "UZB"]
[EventCategory "20"]
[SourceTitle "CBM 152"]
[Source "ChessBase"]
[SourceDate "2013.01.15"]
[SourceVersion "1"]
[SourceVersionDate "2013.01.15"]
[SourceQuality "1"]

1. d4 Nf6 2. c4 e6 3. g3 d5 4. Nf3 Be7 5. Bg2 O-O 6. O-O dxc4 7. Qa4 $5 {
If you are not a fan of the 7 Qc2 a6 8 a4 line this is the the most accurate
move order} (7. Qc2 b5 $5 8. a4 b4 {This position has become very popular over
the last 2 years} 9. Nfd2 $5 c6 10. Nxc4 Qxd4 11. Be3 Qd8 (11... Qg4 12. Nbd2 (
12. Ne5 Qh5 13. Nxc6 $6 (13. Bd4 Ba6 14. Bf3 Qf5 15. e4 Qh3 16. Rd1 $44) 13...
Nxc6 14. Qxc6 Ng4 15. h3 Nxe3 16. fxe3 Rb8 17. Qc7 Ba6 (17... Qc5 $1 18. Qxc5 (
18. Qxb8 $2 Bd6 $19) 18... Bxc5 $17) 18. Qxe7 Qxe2 19. Qxa7 Ra8 20. Qb6 Rab8 {
1/2 Golichenko,I - Vysochin,S 10th Nabokov memorial 2012}) 12... Ba6 13. Ne5
Qh5 (13... Qf5 $5 14. Qxf5 exf5 15. Nxc6 Nxc6 16. Bxc6 Rac8 17. Bb5 Bxb5 18.
axb5 Bc5 19. Bxc5 Rxc5 20. Rxa7 Rxb5 21. Nc4 $14) 14. Ndf3 Ng4 $6 (14... Nd5 {
is a bit risky} 15. Bc1 (15. Bd4 $6 c5 $17) 15... f5 (15... b3 16. Qxb3 f6 (
16... Bxe2 $4 17. g4 $18) 17. Nd3 Rd8 18. Nd4 Qf7 19. Bh3 $16)) 15. Nxg4 Qxg4
16. Rfd1 Qc4 17. Rac1 (17. Qb1 $1 b3 (17... Rd8 $2 18. Rxd8+ Bxd8 19. Ne5 Qb3 (
19... Qxe2 20. Bf3 $18) 20. Qc1 Bb7 21. Nc4 Bf6 22. Na5 Qxb2 23. Qxb2 Bxb2 24.
Rb1 $18) (17... Qxe2 $2 18. Rd2 Qc4 19. Ne5 Qb3 20. Be4 Bf6 21. Bc2 $18) 18.
Rd2 Qb4 19. Qd1 $16) 17... Qxc2 18. Rxc2 b3 19. Rcd2 $44) 12. Rd1 Nd5 13. Bd4
Nd7 (13... Ba6 14. e4 Bxc4 15. Qxc4 Nb6 (15... Nf6 16. Nd2 Qc7 17. e5 Nd5 18.
Rac1 Rc8 19. Nb3 Nd7 20. Qe2 $44) 16. Qe2 Qc8 $6 (16... Qc7 17. a5 N6d7 18. e5
Bc5 19. Bxc5 Nxc5 20. Nd2 Nba6 21. Qe3 Rfd8 22. Nc4 Rxd1+ 23. Rxd1 Rd8 24. Nd6)
17. a5 N6d7 18. e5 {Gagunashvili,M - Shabava,K 71th ch-GEO 2012 1-0 (41)} Bc5
19. Bxc5 Nxc5 20. Nd2 Nba6 21. Nc4 Qc7 22. Nd6 $16 {If we compare with the
line after 16...Qc7 Black lost one tempo}) 14. e4 N5b6 15. Nbd2 (15. Na5 $5 c5
16. Be5 Qe8 17. Bc7 $44) 15... c5 16. Be3 Ba6 17. a5 (17. Bf4 Nxc4 18. Nxc4
Bxc4 19. Qxc4 Qc8 20. Rac1 $44) 17... Nxc4 18. Nxc4 Qc7 19. Bf4 e5 $15 {
Gagare, S - Kravtsiv,M NIT Nagpur GM Open 2012 0-1 (73)}) 7... a6 (7... Qd5 $6
{2700 players haven't played this yet} 8. Nc3 Qc6 9. Qc2 $1 (9. Qa5 Qb6 10. Qa4
Qc6 11. Qa5 Qb6 12. Qa4 Qc6 {1/2 Colovic,A -David,A 4-th Rethymno Open 2012})
9... Qa6 10. e4 (10. a4 Nc6 11. Nb5 Nb4 (11... Qb6 $5 12. Qxc4 a6 13. Nc3 Na5
14. Qd3 Nb3 15. Rb1 Rd8 $13) 12. Qb1 (12. Qxc4 c6 13. Na3 Qxc4 (13... Qxa4 14.
Bd2 Ne4 15. Be1 f6 16. Ne5 Nxg3 17. hxg3 fxe5 18. dxe5 $14) 14. Nxc4 Rd8 15.
Bd2 Ne4 $11) 12... Qb6 13. Bf4 Nfd5 14. Bd2 c5 15. e4 Nf6 16. e5 Nfd5 17. Na3
cxd4 18. Nxc4 Qa6 19. Rc1 d3 20. Ne1 Rd8 21. Bf1 b5 $6 (21... Nc2 $1 22. Nxc2
Qxc4 23. Ne3 Qd4 24. Nxd5 Qxd5 25. Bc3 Bd7 26. Qxd3 Qxd3 27. Bxd3 Bc6 $11) 22.
axb5 Qxb5 23. Nxd3 Qb8 24. Na5 $14 {Brunello,S - Vaisecchi,A 11-th Bergamo
Open elite 2012 1/2 (68)}) 10... Nc6 11. Qe2 Nb4 12. Rd1 Bd7 (12... Nd3 13. Bg5
h6 14. Bxf6 Bxf6 15. b3 Qa5 16. e5 Be7 17. Ne4 $14) 13. Ne5 Rad8 14. Be3 (14.
Nxc4 $5 c5 15. dxc5 Bb5 16. Rxd8 Rxd8 17. Nxb5 Qxb5 18. a4 Qa6 19. b3 Bxc5 20.
Bb2 $14) 14... Nd3 15. Nxc4 Qxc4 16. Rxd3 e5 17. Rc1 $14 {Le Quang,L -
Megaranto,S FIDE World Cup 2011 1-0 (58)}) 8. Qxc4 b5 9. Qc2 Bb7 10. Bd2 {
Sergey Karjakin used to play 10....Ra7 but for last 3 years he has preferred
10...Bd6} Bd6 (10... Ra7 11. Rc1 Be4 12. Qb3 Nc6 (12... Bd5 13. Qe3 Ng4 14. Qd3
Bc4 15. Rxc4 bxc4 16. Qxc4 Nf6 17. Nc3 Nbd7 18. b4 c6 19. Na4 Qb8 20. Nc5 (20.
Rc1 $5 Rc8 21. Nc5) 20... Qb5 21. Rc1 {Sakaev,K - Karjakin,S Russia 2008 1/2 
(32)}) 13. e3 Qa8 14. Qd1 Nb8 15. Ba5 Bd6 (15... Rc8 16. a3 Bd6 17. Nbd2 Bd5
18. Qf1 Nbd7 (18... c5 $2 19. Bb6) 19. b4 e5 (19... h6 20. Rc2 e5 21. dxe5 Nxe5
22. Nxe5 Bxe5 23. Bxd5 Qxd5 24. Rac1 c6 25. Qg2 $14) 20. dxe5 Bxe5 (20... Nxe5
21. Nxe5 Bxe5 22. Ra2 $14 {Marin,M}) 21. Nxe5 Nxe5 22. f3 Nc4 (22... Nc6 $5 23.
e4 Be6 24. Qf2 $14) 23. Nxc4 Bxc4 24. Qf2 Re8 25. e4 $14 {Kramnik,V - Anand,V
Corus Wijk aan Zee 2007 1-0 (53)}) 16. a3 Nbd7 17. Nbd2 Bd5 18. Qf1 c5 19. dxc5
Bxc5 20. Rc2 Qb7 21. Rac1 {Aronian,L - Karjakin,S Corus Wijk aan Zee 2007 1-0 
(47)}) 11. Nh4 $146 {I'm not sure that this idea will gain many followers, but
it's clear that for one game this is a good try.} (11. Ng5 Bxg2 12. Kxg2 Nbd7
13. e4 e5 14. dxe5 Nxe5 15. f4 Nc4 16. b3 (16. e5 $6 h6 17. exf6 (17. Nf3 $6
Ng4 18. Qe4 Bc5 $17) 17... hxg5 18. fxg7 $2 Re8 $1 19. Nc3 $2 (19. Qd1 Bc5 20.
Bc1 Kxg7 $40) 19... Qd7 $1 (19... Bc5 $2 20. Rad1 $11 g4 21. Bc1 Qf6 22. h4
Qc6+ 23. Kh2 Rad8 24. Rxd8 Rxd8 25. Qf5 $4 Nd2 {0-1 Szabo,G - Baratosi,D
ROM-ch Sarata Monteoru 2011}) 20. fxg5 Qc6+ 21. Kh3 Kxg7 22. Rf6 Rh8+ 23. Rh6
Be7 24. Re1 (24. Nd1 Qd7+) 24... Bxg5 25. Bxg5 Rxh6+ 26. Bxh6+ Qxh6+ 27. Kg2
Ne3+ $19) 16... Nxd2 17. Nxd2 h6 18. Ngf3 Bb4 19. Rf2 (19. Rfd1 Qe7 20. e5 Nd5
21. Nf1 Rad8 22. Nd4 c5 23. Nf5 (23. Nc6 $4 Qb7 24. Nxd8 Nxf4+ 25. Kf2 Qg2+ $19
) 23... Qb7 24. Kh3 Qc8 25. Kg2 Qb7 26. Kh3 Qc8 27. Kg2 Qb7 {1/2
Miroshnichenko,E - Djukic,N EU-Cup 25th Ohrid 2009}) 19... Qe7 $11 {Ponomariov,
R - Karjakin,S Amber-blindfold 19-th rapid 2010 0-1 (71)}) (11. a4 Nbd7 12. Ba5
Qb8 13. b4 e5 (13... Be4 14. Qc1 Qb7 15. Re1 Bd5 16. Nc3 Ne4 17. Nxd5 exd5 18.
Ng5 Nxg5 19. Qxg5 c6 20. axb5 (20. Rec1 $5 Rfe8 21. Qd2 Nb6 (21... Re6 22. Qc2
Bf8 23. e4 $14) 22. Bxb6 Qxb6 23. e3 Qb7 24. Qc2 Rac8 25. Qb3 $14) 20... axb5
21. Rac1 Nb6 22. e4 dxe4 23. Bxe4 Nc4 24. d5 c5 $11 25. bxc5 Rxa5 26. cxd6 Qd7
27. Qf4 Nxd6 28. Rc6 Nxe4 29. Qxe4 b4 30. Qxb4 Rxd5 {1/2 Caruana,F - So,
Wesley New Delhi AAI 2011}) 14. Rd1 (14. axb5 axb5 (14... exd4 $6 15. bxa6 Rxa6
16. b5) 15. Nc3 Rc8 16. Qd2 (16. dxe5 Nxe5 17. Qf5 Nxf3+ 18. Bxf3 Bxf3 19. Qxf3
Be5 $11 20. Rac1 $6 c5) 16... exd4 17. Nxd4 Bxg2 18. Kxg2 Be5 19. e3 c5 $11)
14... Rc8 15. Nxe5 Nxe5 16. Bxb7 Qxb7 $11 17. dxe5 Bxe5 18. Ra3 Bd6 19. Rad3
Bf8 20. Qb3 c5 21. bxc5 Bxc5 22. Bc3 Qb6 {1/2 So,Wesley - Karjakin,S FIDE
World Cup 2011}) 11... Bxg2 12. Kxg2 Qc8 13. Rc1 Qb7+ 14. Nf3 Rc8 15. a4 (15.
b4 $6 e5 $1 (15... a5 16. bxa5 b4 {Golubev,M} 17. a3 b3 $5 (17... Rxa5 18. Qb2
Nc6 19. axb4 Rxa1 20. Qxa1 Rb8 21. b5 Qxb5 22. Nc3 Qf5 23. Qa4 {it seems that
White has the better chances}) 18. Qb2 Ne4 19. Bb4 Nc6 20. Qxb3 Nxd4 21. Qd3
Be5 22. Nc3 Nxc3 23. Bxc3 Nxf3 24. exf3 Bxc3 25. Rxc3 Rxa5 $11) 16. dxe5 Bxe5
17. Bc3 Bxc3 18. Qxc3 (18. Nxc3 c5 19. bxc5 Nbd7 $11) 18... Nbd7 19. Qc6 Qxc6
20. Rxc6 Nd5 21. a3 a5 $11) 15... bxa4 16. Rxa4 Nbd7 17. Qc6 {Black's position
seems to be unpleasant. However, by playing precisely, Black can level the
game.} Rcb8 (17... Qxb2 $1 {I would recommend this brave move as the most
precise one} 18. e4 $5 {the only way to play for an advantage} (18. Rxa6 Rxa6
19. Qxa6 Rb8 20. Nc3 Qb7 21. Qxb7 Rxb7 $11 {followed by c5}) 18... Nb6 19. Ra5
Bb4 {a normal solid move} (19... Qb3 $5 {if you prefer computer style moves,
here is your choice} 20. e5 Nfd5 21. Nc3 (21. exd6 $2 cxd6 22. Qb7 Rxc1 23.
Bxc1 Qxb1 24. Rxa6 Rf8 25. Bd2 Qb2 $17) 21... Bf8 22. Nxd5 Nxd5 23. Rxa6 Rxa6
24. Qxa6 Rb8 $11) 20. Bxb4 Qxb4 21. Qc5 (21. Ra1 a5 22. Na3 a4 23. Rcb1 Qe7 24.
Nb5 Qd7 25. Ne5 Qxc6 26. Nxc6 Kf8 {White has compensation for a pawn, which is
sufficient for equality. For example} 27. f3 (27. Nba7 Nxe4 28. Nxc8 Rxc8 {
Black has nothing to worry about}) (27. Nca7 Rcb8 28. Nc6 Rc8 $11) 27... Ra6
28. Nb4 Ra5 29. Nc6 Ra6 30. Kf2 Ke8 31. Ke3 Nc4+ 32. Ke2 Nd6 {White needs to
be careful} 33. Nb4 Nxb5 34. Nxa6 Nc3+ 35. Kd3 Nxb1 36. Rxb1 Nd7 37. Rb4 Nb6
38. Nxc7+ Rxc7 39. Rxb6 Ra7 $11) 21... Qxc5 22. dxc5 Nbd7 23. c6 Nb6 (23... Nb8
$6 24. Nbd2 $16) 24. Nbd2 Rd8 25. Rca1 Ne8 26. Nb3 f6 27. Nc5 Kf7 28. Rxa6 Rxa6
29. Nxa6 Rd6 $11) 18. Na3 Ne4 $5 {Perhaps this line is the best practical
choice.} (18... Qxb2 $6 19. Rb1 $1 (19. Nc4 $2 Qb5) 19... Qa2 20. Rxb8+ Rxb8
21. Nc4 Qb3 22. Rxa6 $14) (18... Nb6 19. Ra5 Ne4 20. Be1 Bxa3 21. Rxa3 Nd5 22.
Qxb7 Rxb7 23. b3 $14) 19. Qxb7 $1 (19. Qxd7 $6 Nxd2 20. Qc6 Nxf3 21. Kxf3 Qxb2
22. Rb1 Qa2 {This doesn't look attractive for White.}) 19... Rxb7 20. Nc4 Bf8
21. Be3 c5 22. Nfe5 $6 {[%emt 0:00:22] After this move a draw seems almost
inevitable. I think White should have chosen between Nce5 or prophylaxis with
22.Ra2.} (22. Nce5 $5 cxd4 (22... Nb6 23. Ra5 cxd4 24. Bxd4 f6 25. Nd3 e5 26.
Be3 Nd7 27. Rc6 Nd6 28. Nd2 $14) (22... Nxe5 $6 23. dxe5 f5 24. exf6 Nxf6 25.
Rc2 (25. Ng5 $5 Rxb2 26. Nxe6 Rxe2 27. Nxf8 Rxf8 28. Rxc5 h6 29. Rf5) 25... Nd5
26. Bd2 h6 27. Ne5 $16) 23. Rxd4 $1 Nxe5 24. Nxe5 Nd6 25. Rd2 f6 26. Nd3 e5 27.
Rc6 {the position is drawish but not a draw yet}) (22. Ra2 cxd4 (22... f6 23.
Na5 Rb4 24. dxc5 Bxc5 25. Bxc5 Ndxc5 26. Nc6 Rb6 27. Nfd4 e5 28. Nf5 Kf8 29.
Nce7 $14) 23. Nxd4 Rc7 24. b3 Rac8 25. Rac2 Nef6 26. Bf4 Rc5 27. f3 Re8 (27...
e5 $2 28. Nxe5 $16) 28. Be3 Nd5 29. Bf2 $14 {perhaps the position is drawish
but Black still needs to play precisely.}) 22... cxd4 $1 {Black is out of
danger now.} (22... Nef6 23. Nd3 cxd4 24. Bxd4 Nd5 25. Na5 Rc7 26. Rxc7 Nxc7
27. Nc6 $14) 23. Nxd7 (23. Bxd4 $6 Ndc5 24. Ra2 Nb3 25. Rd1 f6 26. Nc6 Rc8 27.
N4a5 Nxa5 28. Nxa5 Rd7 {White needs to be precise otherwise he gets into
troubles:} 29. f3 $1 (29. Rd3 $6 Rc2 30. Kf3 e5 31. Kxe4 (31. Be3 Rxd3 32. exd3
Nc3 33. Ra1 Rxb2 $17) 31... exd4 32. Kf3 Re7 33. e3 dxe3 34. Rxe3 Rxe3+ 35.
fxe3 (35. Kxe3 Bc5+ $17) 35... Rxh2 36. Nb3 h5 37. Rxa6 Rxb2 38. Nd4 Bc5 $17) (
29. Raa1 $6 Rc2 30. Rd3 e5 31. Be3 Rxd3 32. exd3 Bc5 $1 $15) 29... Nxg3 (29...
Ng5 $13) 30. hxg3 e5 31. Nb3 exd4 32. Rxd4 Rb7 $11) 23... dxe3 24. Nxf8 Kxf8
25. Nxe3 Nf6 26. Nc4 Ke7 27. Rd1 Rc7 28. Nb6 Raa7 29. Rc4 (29. Rda1 Rc2 30.
Rxa6 Rxa6 31. Rxa6 Rxe2 32. Ra7+ Kf8 33. b4 h5 34. h3 Rb2 35. Nc4 Rxb4 36. Nd6
Rd4 $11) 29... Rxc4 30. Nxc4 $11 Rc7 31. b3 Nd7 32. Ra1 Nc5 33. Nd2 Rb7 34. Ra5
Nxb3 35. Nxb3 Rxb3 36. Rxa6 1/2-1/2

[Event "Tashkent FIDE GP 2nd"]
[Site "Tashkent"]
[Date "2012.12.04"]
[Round "11"]
[White "Leko, Peter"]
[Black "Caruana, Fabiano"]
[Result "1/2-1/2"]
[WhiteElo "2732"]
[BlackElo "2786"]
[Annotator "Marin,M"]
[PlyCount "119"]
[EventDate "2012.11.22"]
[EventType "tourn"]
[EventRounds "11"]
[EventCountry "UZB"]
[EventCategory "20"]
[SourceTitle "CBM 152"]
[Source "ChessBase"]
[SourceDate "2013.01.15"]
[SourceVersion "1"]
[SourceVersionDate "2013.01.15"]
[SourceQuality "1"]

1. e4 d5 2. exd5 Qxd5 3. Nc3 Qd6 4. d4 Nf6 5. Nf3 g6 6. Nb5 {It is just
natural to question the viability of such a provocative way of developing the
queen.} Qb6 7. Na3 $5 {A rare move, aiming to maintain the flow of White's
play. The knight is heading for e5, gaining more time on account of the still
exposed placement of the black queen. White's main continuations have a more
concrete and apparently threatening character.} (7. c4 c6 {We will follow 3
games of Motylev. In the first one (chronologically) he had the white pieces
and his impossibility of gaining an advantage might have inspired him to take
up the variation in his repertoire with Black. There is a common element in
his games with Black: the flexibility of thinking when it comes to the
light-squared bishop. In one of the games, the bishop travelled along the
route ...Bc8-g4-c8-a6 and in the other one it had almost a reverse trajectory!}
8. Nc3 (8. c5 Qd8 9. Nc3 Bg7 10. Bc4 O-O 11. O-O Bg4 12. Be3 b5 13. cxb6 axb6
14. h3 Bc8 15. a4 Ba6 {Bartel,M (2629)-Motylev,A (2677)/Warsaw 2012/ (0-1, 90)}
) 8... Bg7 (8... Bg4 9. Be2 Bg7 10. O-O O-O 11. h3 Bxf3 12. Bxf3 Nbd7 13. Re1
Rfe8 14. d5 Rad8 15. Qb3 cxd5 16. cxd5 a6 17. Bg5 Qxb3 18. axb3 h6 {1/2
Motylev,A (2677)-Inarkiev,E (2676)/Poikovsky 2009/CBM 131/[Kritz]}) 9. h3 O-O
10. Bd3 Nbd7 11. O-O Re8 12. Re1 Qc7 13. Bg5 Nf8 14. Qd2 Ne6 15. Be3 b6 16.
Rac1 Bb7 17. c5 bxc5 18. dxc5 Rad8 19. Qc2 Nf4 20. Bxf4 Qxf4 21. Bf1 Bc8 22.
Qb3 Be6 {Wan Yunguo (2441)-Motylev,A (2683)/Hangzhou 2012/ (0-1, 80)}) (7. Bf4
{initiates some interesting piece play.} Nd5 8. Be5 (8. Bd2 {is too modest to
cause problems, but once again we can see Motylev's light-squared bishop at
work:} c6 9. Na3 Bg7 10. Nc4 Qc7 11. Nce5 O-O 12. Bc4 b5 13. Bb3 a5 14. a4 b4
15. O-O Bb7 16. Qc1 Nd7 17. Bh6 Nxe5 18. Bxd5 Bxh6 19. Qxh6 Ng4 20. Qh4 cxd5
21. Qxg4 Bc8 22. Qg5 Bf5 {Boros,D (2485)-Motylev,A (2705)/Rijeka 2010/CBM 136 
(0-1, 42)}) 8... f6 9. Bg3 a6 10. c4 axb5 11. cxd5 c6 (11... e6 $6 12. Bd3 Qa5+
$6 13. Kf1 c6 14. Qc2 $1 $16 {Petrosian,T (2613)-Kurajica,B (2535)/Plovdiv
2010/CBM 139 (1-0, 34). ^The last move prevents both possible captures on d5,
for instance:} exd5 $2 15. Bxg6+ hxg6 16. Qxg6+ Ke7 17. Re1+ $40) 12. Bd3 Qa5+
$1 {It is important to cause some lack of harmony in White's position to
compensate for the somehow chaotic character of Black's structure and his
delay in development.} (12... cxd5 13. O-O Nc6 14. Qb3 e6 15. Bxb5 $14 {
Menkinovski,R (2349)-Milanovic,D (2516)/Obrenovac 2011/CBM 145 Extra (0-1, 33)}
) 13. Kf1 cxd5 $13 {Jerez Perez,A (2416)-Alonso Rosell,A (2502)/Sabadell 2011/
CBM 144 Extra (1/2, 38)}) 7... c6 (7... Bg7 8. Nc4 Qc6 {looks very provocative,
to put it mildly, but one of the greatest players ever (true, well after his
best years) could not prove it wrong:} 9. Be2 O-O 10. O-O Nbd7 11. Re1 Nd5 12.
c3 h6 13. Bd2 Qf6 14. Nce5 Nxe5 15. Nxe5 Rd8 16. Bf3 c6 17. Qc1 g5 18. Bh5 $14
{(1/2, 29) Karpov,A (2686)-Fernandez Garcia,J (2452)/Santurtzi 2003/CBM 093 ext
}) 8. Nc4 Qd8 {It is hard to tell which is the best square for the queen. On
d8, it certainly stays out of the range of the white dark-squared bishop.} (
8... Qc7 {is possible, though.} 9. Nce5 Bg7 ({As a common pattern in this
structure, I would offer the exchange of the active knight immediately after
it goes to e5; otherwise, Ng5xf7 may cause some troubles.} 9... Nbd7 $1) 10.
Bc4 (10. Ng5 O-O 11. Bc4 e6 12. O-O {would leave Black with the potential
threat of a sacrifice on f7, with ample compensation for White for just a
negligible material deficit.}) 10... Nd5 11. O-O Nd7 12. Nd3 O-O 13. Bb3 b5 14.
Re1 N7b6 15. c3 a5 $132 {Solak,D (2567)-Milanovic,D (2499)/Vrnjacka Banja 2010/
CBM 138 Extra (1/2, 29)}) 9. g3 $5 $146 {The solid choice of a player who also
has 1.d4 in his repertoire. White does not rush in, but hopes that his space
advantage will tell in the long run.} (9. Nce5 Bg7 (9... Nbd7 $1) 10. Bc4 O-O
11. O-O Nbd7 12. c3 (12. Nxf7 Rxf7 13. Bxf7+ Kxf7 14. Ng5+ Kg8 15. Ne6 Qb6 16.
Qe2 $16) 12... Nxe5 13. Nxe5 Nd5 14. Re1 Be6 {Soltanici,R (2367)-Grigore,G 
(2505)/Baia Sprie 2011/CBM 142 Extra (1/2, 52); With normal play for Black.})
9... Be6 10. Qe2 Bg7 11. Bg2 O-O {Black, too, relies on long term elements,
mainly his lack of weaknesses and flexibility.} ({A more active approach would
be} 11... Qd5 12. Ne3 (12. Nce5 Nfd7) (12. Ncd2 O-O 13. O-O Qh5) 12... Qa5+ 13.
Bd2 Qa6 $5) 12. O-O Qc8 ({After White's castling,} 12... Qd5 13. Nce5 $14 {
leaves queen without the possibility of gaining a tempo with check.}) 13. Ng5
Bd5 {The idea of distracting the enemy bishop to h6 is right, but concretely
this move presents some risks.} (13... Bxc4 14. Qxc4 e6 {would not change much
with respect to the game.}) 14. Bh3 ({And for the last time, we see White
refraining from the interesting sacrifice on f7, after} 14. Ne5 $5) 14... Bxc4
15. Qxc4 Nbd7 16. Qe2 Qd8 {This structure is typical of several openings: the
Caro-Kann, the Pirc, the Alekhine, or, as is the case now, the Scandinavian.
Classical players would claim an advantage for White, who has more space and
the bishop pair, hypermodern thinkers would enjoy the prospect of slowly
building up counterplay against White's centre.} 17. c4 {This increases
White's space advantage, but also weakens the d4-square somewhat.} h6 18. Nf3
Re8 19. Rd1 e6 20. Bd2 a5 {Since Black's hopes for counterplay are based on
either ...e5 or ...c5, it is useful to ensure the stability of one of his
knights on c5 in advance. Besides, the last move prevents a massive white
queenside expansion.} 21. Bc3 Qc7 22. Rac1 a4 {But this is double edged
already. In some cases, the a4-pawn may become weak. For instance, in the
endgame it would be within the range of the light-squared bishop.} 23. Bg2 Rad8
{Both sides are fully mobilised, so what should come next? White is not ready
for any pawn break yet and should be mainly concerned to anticipate ...c6-c5
and ...e6-e5, which cannot be stopped forever.} 24. Rd3 Ng4 $5 {Abstractly a
very nice plan: Black intends to increase the pressure against d4 with ...
Nh6-f5, as a complement to the ...c5-break. Concretely, there seems to be a
flaw, though.} ({The simple} 24... c5 $5 $132 {looks quite OK.}) 25. Re1 $6 {
After this neutral move, Black carries out his plan without problems.} ({
Caruana probably intended to meet} 25. h3 {with} e5 $5 26. dxe5 Ngxe5 27. Nxe5
Nxe5 {If Black manages to transfer his knight to c5 and exchange the
dark-squared bishops, he will get a dream ending, especially in the presence
of queens. Still, there are some concrete problems:} 28. Re3 Re6 29. Re1 (29.
f4 $2 Nd3 $1 $17) 29... Rde8 30. Qd1 $14 {Suddenly, there are some problems
with the a4-pawn, while the pin along the e-file is also a bit annoying.})
25... h5 26. h3 Nh6 27. Bd2 c5 $132 (27... Nf5 $5 28. Bg5 Bf6 29. Bxf6 Nxf6 $11
) 28. Bg5 Rc8 29. Bf4 (29. d5 Nf5 $132 {[%csl Gd4]}) 29... Qa5 30. dxc5 Nxc5
31. Qd2 (31. Rdd1 Qb4) 31... Qxd2 (31... Qa7 $5 32. Ra3 (32. Rd6 $2 Nf5 $19)
32... Red8 33. Qe2 Qb6 $132) 32. Rxd2 Red8 33. Red1 Rxd2 34. Rxd2 Ne4 35. Rc2
Nc5 36. Rd2 Ne4 37. Rd7 Nc5 38. Rd1 f6 $6 {Quite a mysterious weakening move,
allowing White to take over the initiative.} (38... Nf5 39. g4 hxg4 40. hxg4
Ne7 41. Bd6 Bf8 $11 {[%cal Ge7c6]}) 39. Be3 Nf5 40. Bxc5 Rxc5 41. Rd8+ Kh7 42.
Bf1 Rc7 43. Ra8 $14 {White wins a pawn, but Black will somehow manage to
generate enough counterplay to hold a draw.} e5 44. Rxa4 e4 45. Nd2 Nd6 46. Ra5
f5 47. Rd5 Nc8 48. b4 Bc3 49. a3 Ne7 50. Rd6 Bb2 51. Nb1 Nc6 52. c5 Re7 53. Kg2
h4 54. b5 Nd4 55. Nd2 hxg3 56. Kxg3 Bc3 57. Nb1 Bb2 58. Nd2 Bc3 59. Nb1 Bb2 60.
Nd2 1/2-1/2